| 000 | 00622nam a2200205 i 4500 | ||
|---|---|---|---|
| 001 | 167060 | ||
| 003 | ES-MaACL | ||
| 005 | 20230906213443.0 | ||
| 008 | 150326s2000 sp |||| | spa d | ||
| 020 | _a84-88242-26-3 | ||
| 080 | _a291.4 | ||
| 100 | 1 |
_aOsho ( _d1931-1990) _9156631 |
|
| 245 | 1 | 0 |
_aMeditación _b: la primera y última libertad / _cOsho ; recopilado por Swami Deva Wadud. |
| 250 | _a6ª ed. | ||
| 260 |
_aMadrid : _bGaia, _c2000. |
||
| 300 |
_a301 p. ; _c21 cm. |
||
| 650 | 4 |
_aMeditación. _914982 |
|
| 700 | 1 |
_aDeva Wadud, Swami. _9156632 |
|
| 852 |
_aES-MaACL _jL-30122 _z.- Donat. Miguel A. Velasco |
||
| 999 |
_c167060 _d167060 |
||